Love, pride, paradox and prophecy / (Record no. 41575)

MARC details
000 -LEADER
fixed length control field 00653nam a22001937a 4500
005 - DATE AND TIME OF LATEST TRANSACTION
control field 20100813122953.0
010 ## - LCCN (DPL NO)
LC control number ENG-99887
020 ## - INTERNATIONAL STANDARD BOOK NUMBER
International Standard Book Number 9788128825187
Terms of availability 100.00
035 ## - SYSTEM CONTROL NUMBER
System control number EN-83419
037 ## - SOURCE OF ACQUISITION
Source of stock number/acquisition DBAD/PUB
082 ## - DEWEY DECIMAL CLASSIFICATION NUMBER
Classification number N
100 ## - MAIN ENTRY--PERSONAL NAME
Personal name Debasish, Soumyashri
245 ## - TITLE STATEMENT
Title Love, pride, paradox and prophecy /
Statement of responsibility, etc by Soumyashri Debasish
260 ## - PUBLICATION, DISTRIBUTION, ETC. (IMPRINT)
Place of publication, distribution, etc New Delhi
Name of publisher, distributor, etc Diamond Pocket Books
Date of publication, distribution, etc 2010
270 ## - ADDRESS
Address X-30, Okhla Industrial Area, Phase-II
City New Delhi
Postal code 110020
300 ## - PHYSICAL DESCRIPTION
Extent 223p.
Dimensions 19cm (pbk)
942 ## - ADDED ENTRY ELEMENTS (KOHA)
Source of classification or shelving scheme Dewey Decimal Classification
Item type English Books
Classification part N
Call number suffix DEB
Holdings
Withdrawn status Lost status Not for loan Collection code Home library Current library Date acquired Source of acquisition Cost, normal purchase price Full call number Barcode Copy number Cost, replacement price Koha item type
    Not For Loan Fiction D.B.Act.Division D.B.Act.Division 13/08/2010 DBAD/PUB 100.00 N DEB EN-83419 1 100.00 English Books

© Delhi Public Library
Hit Counter
free hit counter